000 01012nam a2200265 i 4500
001 65787
003 ES-MaACL
005 20250721134925.0
007 t|
008 040121s1911 sp |||| | spa d
080 _a930.85(3)
080 _a930.85(100)"04/14"
100 1 _aSantiago Fuentes, Magdalena de,
_d1873-1922
_9162960
245 1 0 _aCompendio de la historia de la civilización /
_cpor Magdalena S. Fuentes.
260 _aMadrid :
_bLibrería General de Victoriano Suárez,
_c1911 (
_fImp. de Prudencio Pérez de Velasco)
300 _a2 v. ;
_c19 cm.
505 8 _a1 ;
_tEdad antigua (608 p.) - 2 ;
_tEdad media (640 p.)
530 _aDisponible en formato digital.
650 4 _aCivilización antigua.
_9141209
650 4 _aCivilización medieval.
_9146249
852 _aES-MaACL
_jB-2114-15
_cSPB
_zRevcisado enlace: 21 de julio de 2025
856 4 _uhttp://bdh-rd.bne.es/viewer.vm?id=0000187628&page=1
_yBiblioteca Digital Hispánica
942 _2udc
999 _c65787
_d65787